Central Library OPAC University of Rajshahi

Indian foreign policy : (Record no. 58109)

MARC details
000 -LEADER
fixed length control field 00893nam a2200277 i 4500
001 - CONTROL NUMBER
control field 58109
003 - CONTROL NUMBER IDENTIFIER
rucl marc code BD-RjUL
005 - DATE AND TIME OF LATEST TRANSACTION
control field 20211209080604.0
008 - FIXED-LENGTH DATA ELEMENTS--GENERAL INFORMATION
fixed length control field 161215s1976 ii b 001 0 eng
020 ## - INTERNATIONAL STANDARD BOOK NUMBER
International Standard Book Number 0706903935
035 ## - SYSTEM CONTROL NUMBER
System control number (BD-RjUL)58233
040 ## - CATALOGING SOURCE
Original cataloging agency DLC
Transcribing agency DLC
Modifying agency BD-RjUL
Language of cataloging eng
041 ## - LANGUAGE CODE
Language code of text/sound track or separate title eng
082 ## - DEWEY DECIMAL CLASSIFICATION NUMBER
Edition number 23
Classification number 327.54
Author mark and year IND 1976
099 ## - LOCAL FREE-TEXT CALL NUMBER (OCLC)
Bangla Class number DS448.I584
245 00 - TITLE STATEMENT
Title Indian foreign policy :
Remainder of title the Nehru years /
Statement of responsibility, etc. edited by B. R. Nanda.
260 ## - PUBLICATION, DISTRIBUTION, ETC. (IMPRINT)
Place of publication, distribution, etc. Delhi :
Name of publisher, distributor, etc. Vikas Pub. House,
Date of publication, distribution, etc. c1976.
300 ## - PHYSICAL DESCRIPTION
Pagination viii, 279 p. ;
Size 23 cm.
500 ## - GENERAL NOTE
General note "Issued under the auspices of Nehru Memorial Museum and Library."
504 ## - BIBLIOGRAPHY, ETC. NOTE
Bibliography, etc Includes bibliographical references and index.
600 10 - SUBJECT ADDED ENTRY--PERSONAL NAME
Personal name Nehru, Jawaharlal,
Dates associated with a name 1889-1964.
651 #0 - SUBJECT ADDED ENTRY--GEOGRAPHIC NAME
Geographic name India
General subdivision Foreign relations.
9 (RLIN) 172449
700 1# - ADDED ENTRY--PERSONAL NAME
Personal name Nanda, B. R.
Fuller form of name (Bal Ram),
Dates associated with a name 1917-2010.
942 ## - ADDED ENTRY ELEMENTS (KOHA)
Source of classification or shelving scheme Dewey Decimal Classification
Koha item type Books
Holdings
Lost status Source of classification or shelving scheme Damaged status Not for loan Collection code Permanent Location Current Location Shelving location Date acquired Source of acquisition Total Checkouts Full call number Date last seen Copy number Koha item type
  Dewey Decimal Classification   Not For Loan Non-fiction Central Library, University of Rajshahi Central Library, University of Rajshahi Reading Room 19/01/1976 Indian High Commisoner Office, Raj.   327.54 IND 1976 15/12/2016 C-1 Books